Jedeme do Benátek /

Další autoři: Rywiková, Bohdana, 1952-
Jazyk: Čeština
Vydáno: Ostrava : Profil, 1990
Edice: Cesty měsíčníku Sezóna
Externí odkaz: Digitalizovaný dokument
Fyzický popis: 46 s. + 1 mapa
Knihy
Uloženo v:
LEADER 00954nam a2200253 a 4500
001 000604849
003 CZ BrMZK
005 20191216061201.0
008 020606s1990 xr f cze d
015 |a cnb003164638 
040 |a BOA001  |b cze  |c BOA001 
080 |a 908.450.341(036)  |2 MRF 
245 0 0 |a Jedeme do Benátek /  |c Bohdana Rywiková ... [et al.] 
260 |a Ostrava :  |b Profil,  |c 1990 
300 |a 46 s. +  |e 1 mapa 
490 1 |a Cesty měsíčníku Sezóna ;  |v sv. 2 
500 |a Dostupné též v digitální podobě v aplikaci Kramerius 
700 1 |a Rywiková, Bohdana,  |d 1952-  |7 mzk2004229421  |4 aut 
830 0 |a Cesty měsíčníku Sezóna 
856 4 1 |u http://www.digitalniknihovna.cz/mzk/uuid/uuid:eb455e70-312e-11ea-a83e-005056827e51  |y Digitalizovaný dokument  |x NDK 
910 |a BOA001  |b X-0960.686 
990 |a BK 
991 |b 201905  |h poslat 
996 6 |b 2619164609  |c X-0960.686  |l MZK  |r Sklad / do 24 hodin  |n 0  |w 000604849  |u 000010  |a 1  |e BOA001  |j MZK50  |s P